[Event "Team junior-boys chess final 2016"]
[Site "Sochi"]
[Date "2016.05.02"]
[Round "2.3"]
[White "Vetokhin, Ilia"]
[Black "Levdansky, Alexey"]
[Result "1/2-1/2"]
[WhiteElo "1799"]
[BlackElo "1962"]
[PlyCount "106"]
[EventDate "2016.05.01"]

1. d4 d5 2. c4 c6 3. Nc3 Nf6 4. Nf3 e6 5. Bg5 Nbd7 6. e3 Qa5 7. Nd2 Bb4 8. Qc2
O-O 9. Be2 dxc4 10. Bxf6 Nxf6 11. Nxc4 Qg5 12. O-O c5 13. dxc5 Bxc5 14. Bf3 e5
15. Ne4 Nxe4 16. Qxe4 Re8 17. Qd5 Qe7 18. Rac1 Rb8 19. Nxe5 Qxe5 20. Qxc5 Qxb2
21. Qxa7 Bf5 22. a4 h6 23. Qd4 Qa3 24. Qc5 Qxc5 25. Rxc5 Be6 26. Rb1 b6 27. Rc7
Rec8 28. Rxc8+ Rxc8 29. h3 Rc4 30. Rxb6 Rxa4 31. Rb8+ Kh7 32. Rd8 Rb4 33. Rd4
Rb1+ 34. Rd1 Rb4 35. Bd5 Bxd5 36. Rxd5 Kg6 37. Kh2 Kf6 38. Kg3 Ke6 39. Ra5 Rb6
40. e4 g6 41. f3 Kf6 42. h4 h5 43. Kf4 Rc6 44. g3 Rb6 45. Rd5 Ke6 46. Re5+ Kf6
47. Re8 Rb4 48. Rd8 Ke6 49. Ra8 Rb6 50. Ra4 Kf6 51. e5+ Ke6 52. Rd4 Ke7 53. Re4
Ke6 1/2-1/2

[Event "Team junior-boys chess final 2016"]
[Site "Sochi"]
[Date "2016.05.02"]
[Round "2.3"]
[White "Zemnitskiy, Alexander"]
[Black "Novikov, Roman"]
[Result "1-0"]
[WhiteElo "2024"]
[BlackElo "1711"]
[PlyCount "99"]
[EventDate "2016.05.01"]

1. e4 e6 2. d4 d5 3. Nc3 Nf6 4. e5 Nfd7 5. f4 c5 6. Nf3 Nc6 7. Be3 Qb6 8. Na4
Qa5+ 9. c3 c4 10. b4 Nxb4 11. cxb4 Bxb4+ 12. Kf2 b5 13. a3 Be7 14. Nc5 Nxc5 15.
dxc5 O-O 16. Be2 Bb7 17. Qb1 Bc6 18. Nd4 Bxc5 19. Nxc6 Qb6 20. Ne7+ Kh8 21.
Bxc5 Qxc5+ 22. Kg3 Rfe8 23. Qb4 Qxe7 24. Qxe7 Rxe7 25. Rab1 Rb8 26. Kf3 Reb7
27. Ke3 a5 28. Kd4 b4 29. axb4 axb4 30. Rb2 Kg8 31. Ra1 f6 32. Bg4 f5 33. Be2
Kf7 34. g3 h6 35. Ra6 g5 36. Rc6 Ra8 37. g4 c3 38. Rxc3 bxc3 39. Rxb7+ Kg6 40.
gxf5+ Kxf5 41. Rf7+ Kg6 42. Rf6+ Kg7 43. Kxc3 Ra3+ 44. Kd4 Rh3 45. fxg5 hxg5
46. Bd3 Rxh2 47. Rxe6 Kf7 48. Rg6 Rg2 49. e6+ Ke7 50. Ke5 1-0

[Event "Team junior-boys chess final 2016"]
[Site "Sochi"]
[Date "2016.05.02"]
[Round "2.4"]
[White "Plaksin, Igor"]
[Black "Salemgareev, Tagir"]
[Result "0-1"]
[WhiteElo "1621"]
[BlackElo "2235"]
[PlyCount "102"]
[EventDate "2016.05.01"]

1. e4 c5 2. Nf3 Nc6 3. d4 cxd4 4. Nxd4 g6 5. Nc3 Bg7 6. Be3 Nf6 7. Bc4 O-O 8.
O-O Nxe4 9. Nxe4 d5 10. Nxc6 bxc6 11. Bd3 dxe4 12. Bxe4 Ba6 13. Qxd8 Rfxd8 14.
Rfd1 Bxb2 15. Rab1 Bb5 16. Rxd8+ Rxd8 17. g3 Be5 18. Bxa7 f5 19. c4 Bxc4 20.
Bxc6 Bxa2 21. Re1 Bf6 22. Be3 Kf7 23. Bf4 Rc8 24. Bf3 Rc5 25. Be3 Rc3 26. Rd1
e6 27. Rd7+ Kg8 28. Rd6 Ra3 29. Bb7 Bc4 30. Bc8 Ra1+ 31. Kg2 Bd5+ 32. Kh3 Kf7
33. Bb7 Bc4 34. Rd7+ Kg8 35. Rc7 Bf1+ 36. Bg2 Be2 37. f3 g5 38. Rc8+ Kg7 39.
Rc7+ Kg6 40. g4 Ra3 41. Bc1 Bxf3 42. gxf5+ exf5 43. Bxa3 Bg4+ 44. Kg3 Be5+ 45.
Kf2 Bxc7 46. h3 Bd1 47. Bf3 Bxf3 48. Kxf3 h5 49. Bc5 g4+ 50. Kg2 f4 51. Be7 f3+
0-1

[Event "Team junior-boys chess final 2016"]
[Site "Sochi"]
[Date "2016.05.02"]
[Round "2.4"]
[White "Kalabukhov, Bogdan"]
[Black "Smelykh, Edvin"]
[Result "1-0"]
[WhiteElo "2056"]
[BlackElo "1664"]
[PlyCount "61"]
[EventDate "2016.05.01"]

1. d4 Nf6 2. Nf3 e6 3. Bf4 c5 4. e3 Nc6 5. c3 cxd4 6. exd4 d5 7. Bd3 Bd6 8. Bg3
O-O 9. O-O Bxg3 10. hxg3 a6 11. Nbd2 Rb8 12. Ne5 Nd7 13. f4 Ndxe5 14. fxe5 h6
15. Nf3 b5 16. Bc2 Ne7 17. Qd3 g6 18. g4 Kg7 19. Nh4 Bd7 20. Rf6 Be8 21. Raf1
b4 22. Qf3 Bb5 23. Rxf7+ Rxf7 24. Qxf7+ Kh8 25. Nxg6+ Nxg6 26. Qxg6 Rb7 27.
Qxh6+ Kg8 28. Qxe6+ Kh8 29. Rf6 Be8 30. Rf8+ Kg7 31. Rg8# 1-0

[Event "Team junior-boys chess final 2016"]
[Site "Sochi"]
[Date "2016.05.02"]
[Round "2.4"]
[White "Ivanov, Ilya"]
[Black "Dudin, Gleb"]
[Result "1-0"]
[WhiteElo "1669"]
[BlackElo "1857"]
[PlyCount "153"]
[EventDate "2016.05.01"]

1. d4 Nf6 2. c4 e6 3. Nc3 c5 4. e3 cxd4 5. exd4 d5 6. cxd5 Nxd5 7. Bb5+ Bd7 8.
Bxd7+ Qxd7 9. Nge2 Nc6 10. O-O Be7 11. Ne4 O-O 12. a3 a5 13. Nc5 Qc7 14. Nb3 a4
15. Nd2 b5 16. Nf3 Na5 17. Be3 Nc4 18. Qc1 Qb7 19. Nc3 Nxc3 20. bxc3 Rac8 21.
Bf4 Qc6 22. Rd1 Na5 23. Ne5 Qb7 24. Qb2 Nb3 25. Rab1 Bd6 26. Nd3 Bxf4 27. Nxf4
Qc7 28. Ne2 Qc4 29. Nc1 Nxc1 30. Rdxc1 Rb8 31. Qb4 Rfc8 32. Qxc4 Rxc4 33. Rb4
Kf8 34. Kf1 Ke7 35. Ke2 Rbc8 36. Rxc4 Rxc4 37. Kd2 e5 38. Re1 f6 39. dxe5 f5
40. Rb1 Rc5 41. f4 Ke6 42. Rb4 g5 43. g3 gxf4 44. gxf4 Kf7 45. Rd4 Ke7 46. Rd6
Rc4 47. Rd4 Rc5 48. Kd3 Rc6 49. Rd6 Rc4 50. Rd4 Rc6 51. c4 bxc4+ 52. Rxc4 Rh6
53. Rxa4 Rxh2 54. Ra7+ Ke6 55. Ra6+ Ke7 56. Rf6 Rh3+ 57. Kd4 Rxa3 58. Rxf5 Ra4+
59. Ke3 Ra3+ 60. Ke4 Ra4+ 61. Kf3 Ra6 62. Rh5 h6 63. Rh1 Kf7 64. Kg4 Kg6 65.
Rd1 h5+ 66. Kh4 Kf5 67. Rd6 Ra2 68. Rf6+ Ke4 69. Kxh5 Rh2+ 70. Kg6 Rg2+ 71. Kf7
Rh2 72. e6 Rh7+ 73. Ke8 Kd5 74. e7 Ke4 75. Kd8 Rh8+ 76. e8=Q+ Rxe8+ 77. Kxe8
1-0

[Event "Team junior-boys chess final 2016"]
[Site "Sochi"]
[Date "2016.05.02"]
[Round "2.4"]
[White "Dunaev, Denis"]
[Black "Tsymbal, Evgeny"]
[Result "0-1"]
[WhiteElo "1628"]
[BlackElo "1652"]
[PlyCount "124"]
[EventDate "2016.05.01"]

1. d4 d5 2. Nf3 Nf6 3. e3 c5 4. b3 cxd4 5. exd4 Bg4 6. Bd3 e6 7. O-O Be7 8. Bb2
O-O 9. Nbd2 Nc6 10. a3 Rc8 11. h3 Bh5 12. Rc1 Qb6 13. Be2 Bxf3 14. Nxf3 Ne4 15.
Bd3 Rfd8 16. Re1 f5 17. Qe2 Bf6 18. Qe3 Na5 19. Rcd1 h6 20. Ne5 Bxe5 21. dxe5
Qxe3 22. Rxe3 g5 23. g3 Nc5 24. Rd2 Nxd3 25. Rexd3 b5 26. Kh2 Nb7 27. b4 Rc4
28. Rd4 Rdc8 29. Rxc4 Rxc4 30. Bd4 a6 31. c3 Nd8 32. Rd3 Nc6 33. Kg2 Kf7 34.
Kf3 Kg6 35. Kg2 g4 36. h4 f4 37. gxf4 Kf5 38. Kg3 h5 39. f3 gxf3 40. Kxf3 Ne7
41. Rd2 Ng6 42. Rf2 Rc7 43. Ke3 Nxh4 44. Rh2 Kg4 45. Rf2 Kg3 46. Ke2 Nf5 47.
Rf3+ Kg4 48. Bg1 Ng3+ 49. Kf2 Ne4+ 50. Kg2 Rxc3 51. Rxc3 Nxc3 52. Be3 Ne2 53.
Kf2 Nxf4 54. Bd4 h4 55. Be3 h3 56. Kg1 d4 57. Bf2 Kf3 58. a4 h2+ 59. Kxh2 Kxf2
60. a5 d3 61. Kh1 d2 62. Kh2 Kf3 0-1

[Event "Team junior-boys chess final 2016"]
[Site "Sochi"]
[Date "2016.05.03"]
[Round "3.1"]
[White "Golikov, Daniil"]
[Black "Plaksin, Igor"]
[Result "1-0"]
[WhiteElo "2152"]
[BlackElo "1621"]
[PlyCount "75"]
[EventDate "2016.05.01"]

1. d4 Nf6 2. c4 c5 3. d5 b5 4. cxb5 a6 5. bxa6 g6 6. Nc3 Bg7 7. g3 O-O 8. Bg2
d6 9. Nf3 Bxa6 10. O-O Nbd7 11. Qc2 Qb6 12. Rd1 Rfb8 13. Rb1 Qc7 14. b3 Qa5 15.
Bd2 Qa3 16. Bc1 Qa5 17. a4 c4 18. Nd4 Qc5 19. b4 Rxb4 20. Ba3 Rxb1 21. Bxc5
Rxd1+ 22. Nxd1 Nxc5 23. Nc6 Kf8 24. Ne3 c3 25. Nd1 Bc4 26. Nxc3 Bb3 27. Qd2
Nxa4 28. Nxa4 Bxa4 29. h3 Rc8 30. Qb4 Bc2 31. e4 Re8 32. f4 Nd7 33. Kh2 Nc5 34.
e5 Ra8 35. Nxe7 Kxe7 36. exd6+ Kxd6 37. Qb6+ Kd7 38. Qc6+ 1-0

[Event "Team junior-boys chess final 2016"]
[Site "Sochi"]
[Date "2016.05.03"]
[Round "3.1"]
[White "Smelykh, Edvin"]
[Black "Shinkevich, Maksim"]
[Result "0-1"]
[WhiteElo "1664"]
[BlackElo "1940"]
[PlyCount "60"]
[EventDate "2016.05.01"]

1. e4 c5 2. Nf3 d6 3. d4 cxd4 4. Nxd4 Nf6 5. Nc3 Nc6 6. Bb5 Bd7 7. Bxc6 bxc6 8.
f3 e5 9. Nb3 Be7 10. Be3 O-O 11. Qd2 a5 12. Na4 d5 13. exd5 cxd5 14. Nac5 d4
15. Bg5 Bc6 16. Bxf6 Bxf6 17. Nd3 Bh4+ 18. Nf2 Re8 19. O-O Bg5 20. Qd1 Be3 21.
Kh1 Bb5 22. Nd3 Qh4 23. Qe1 Qh6 24. Rd1 Bf4 25. g3 Be3 26. Nxa5 e4 27. fxe4 Qg6
28. Qe2 Qxe4+ 29. Qf3 Qxf3+ 30. Rxf3 Rxa5 0-1

[Event "Team junior-boys chess final 2016"]
[Site "Sochi"]
[Date "2016.05.03"]
[Round "3.1"]
[White "Levdansky, Alexey"]
[Black "Ivanov, Ilya"]
[Result "1-0"]
[WhiteElo "1962"]
[BlackElo "1669"]
[PlyCount "97"]
[EventDate "2016.05.01"]

1. d4 e6 2. c4 d5 3. Nf3 Nf6 4. g3 Be7 5. Bg2 O-O 6. O-O b6 7. Qc2 Bb7 8. Nbd2
c5 9. Rd1 Nc6 10. e3 Rc8 11. b3 dxc4 12. bxc4 cxd4 13. exd4 Qc7 14. Bb2 Rfd8
15. Rac1 h6 16. Qb1 Qb8 17. Qa1 Na5 18. Ne5 Bxg2 19. Kxg2 Nc6 20. Nxc6 Rxc6 21.
f3 Qb7 22. Ne4 Rc7 23. d5 exd5 24. Nxf6+ gxf6 25. Bxf6 Rd6 26. Be5 Rdd7 27.
Bxc7 Qxc7 28. cxd5 Bc5 29. Rc4 Rd6 30. Rg4+ Rg6 31. Rxg6+ fxg6 32. Re1 Be7 33.
Qb1 Kg7 34. Qe4 Bf6 35. Qe6 Qc2+ 36. Re2 Qf5 37. Qc6 h5 38. d6 Qc5 39. Qd7+ Kh6
40. Qe6 Qb5 41. d7 Bd8 42. Qe8 Kg7 43. Re7+ Bxe7 44. Qxe7+ Kh6 45. d8=Q Qb2+
46. Kh3 h4 47. Qdf8+ Kh5 48. Qh7+ Kg5 49. Qxh4# 1-0

[Event "Team junior-boys chess final 2016"]
[Site "Sochi"]
[Date "2016.05.03"]
[Round "3.1"]
[White "Tsymbal, Evgeny"]
[Black "Zemnitskiy, Alexander"]
[Result "0-1"]
[WhiteElo "1652"]
[BlackElo "2024"]
[PlyCount "126"]
[EventDate "2016.05.01"]

1. d4 Nf6 2. Nf3 e6 3. e3 c5 4. Bd3 d5 5. b3 Nc6 6. a3 Qc7 7. Bb2 Bd6 8. O-O e5
9. dxe5 Nxe5 10. Nxe5 Bxe5 11. Bxe5 Qxe5 12. Nd2 O-O 13. Nf3 Qh5 14. h3 Rd8 15.
Nh2 Qe5 16. Re1 Ne4 17. Bxe4 Qxe4 18. f3 Qg6 19. Kh1 Bf5 20. Rc1 Qg3 21. Re2 a5
22. Nf1 Qe5 23. Kg1 Bg6 24. g4 Qe7 25. f4 Be4 26. Qe1 a4 27. Ra1 axb3 28. cxb3
Bd3 29. Rd2 Bxf1 30. Kxf1 Qe4 31. Kf2 Re8 32. Qe2 d4 33. Re1 Rxa3 34. Rd3 g6
35. Kg3 Qxe3+ 36. Rxe3 Rxe3+ 37. Qxe3 dxe3 38. Rxe3 c4 39. Re8+ Kg7 40. Kh4
Rxb3 41. f5 h6 42. fxg6 fxg6 43. g5 hxg5+ 44. Kxg5 Kf7 45. Rc8 Rb5+ 46. Kg4 Rb4
47. Kg5 b5 48. Rc7+ Ke6 49. Kxg6 Rb3 50. Rb7 Rg3+ 51. Kh5 Rxh3+ 52. Kg4 Rb3 53.
Kf4 c3 54. Ke3 b4 55. Kd3 Rb2 56. Rc7 Kd6 57. Rc4 Kd5 58. Rc8 Rd2+ 59. Ke3 Rh2
60. Kd3 Rh3+ 61. Kc2 Rh2+ 62. Kb3 Rb2+ 63. Ka4 c2 0-1

[Event "Team junior-boys chess final 2016"]
[Site "Sochi"]
[Date "2016.05.03"]
[Round "3.2"]
[White "Egorov, Alexey"]
[Black "Sokolov, Nikita Dm"]
[Result "0-1"]
[WhiteElo "1817"]
[BlackElo "2126"]
[PlyCount "88"]
[EventDate "2016.05.01"]

1. e4 c5 2. Nf3 d6 3. c3 Nf6 4. h3 Nc6 5. Bd3 e5 6. O-O Be7 7. Bc2 O-O 8. Re1
h6 9. d4 cxd4 10. cxd4 exd4 11. Nxd4 d5 12. e5 Ne4 13. Bxe4 dxe4 14. Nxc6 bxc6
15. Qa4 Bf5 16. Nc3 Qb8 17. Nxe4 Qxe5 18. Bf4 Qxb2 19. Qxc6 Rfc8 20. Qa4 Be6
21. Nd6 Rd8 22. Be5 Qd2 23. Ne4 Qd7 24. Qa5 Qd5 25. Qc3 Rac8 26. Qb2 Bf8 27.
Bf4 Qd4 28. Qe2 Bf5 29. Ng3 Qxf4 30. Qb5 Bg6 31. Rad1 Rxd1 32. Rxd1 Bc5 33. Nh1
Bb6 34. a4 Qc4 35. Qe5 Qxa4 36. Ra1 Qd4 37. Qe1 Rc2 38. Rd1 Qe4 39. Qf1 Qe2 40.
g4 Qxf1+ 41. Kxf1 a5 42. f4 Rh2 43. Ng3 Rf2+ 44. Ke1 Rxf4 0-1

[Event "Team junior-boys chess final 2016"]
[Site "Sochi"]
[Date "2016.05.03"]
[Round "3.2"]
[White "Yarygin, Maksim"]
[Black "Abramov, Ilya"]
[Result "1-0"]
[WhiteElo "1930"]
[BlackElo "1939"]
[PlyCount "79"]
[EventDate "2016.05.01"]

1. e4 Nf6 2. Nc3 d5 3. exd5 Nxd5 4. Nf3 Nxc3 5. bxc3 g6 6. Bc4 Bg7 7. O-O O-O
8. d4 b6 9. Bf4 Bb7 10. Ne5 Nd7 11. Qe2 Nf6 12. Rfd1 Nd5 13. Bxd5 Qxd5 14. f3
Qe6 15. c4 Qf5 16. Qd2 Rfd8 17. g4 Qe6 18. Qc3 g5 19. Bg3 f5 20. d5 Qf6 21.
gxf5 Qxf5 22. Qd3 e6 23. Qxf5 exf5 24. f4 Bxe5 25. fxe5 Ba6 26. c5 bxc5 27. d6
cxd6 28. exd6 Bb7 29. d7 f4 30. Bf2 Bf3 31. Rd3 Be4 32. Rd6 Bxc2 33. Bxc5 Ba4
34. Rd4 Bc6 35. Rad1 Kf7 36. Re1 Rxd7 37. Rxd7+ Bxd7 38. Re7+ Kg6 39. Rxd7 Rc8
40. Rd5 1-0

[Event "Team junior-boys chess final 2016"]
[Site "Sochi"]
[Date "2016.05.03"]
[Round "3.2"]
[White "Pranizin, Evgeny"]
[Black "Vetokhin, Ilia"]
[Result "0-1"]
[WhiteElo "1651"]
[BlackElo "1799"]
[PlyCount "82"]
[EventDate "2016.05.01"]

1. e4 c6 2. d4 d5 3. exd5 cxd5 4. c4 Nf6 5. Nc3 e6 6. Nf3 Be7 7. Bf4 a6 8. Qb3
Nc6 9. c5 O-O 10. Bd3 Nh5 11. Bg3 Bf6 12. O-O-O Nxg3 13. hxg3 h6 14. Ne2 Rb8
15. Bb1 Ne7 16. Qc2 Ng6 17. Nf4 Bg5 18. Nxg5 Qxg5 19. Rh5 Qf6 20. Rdh1 Qxd4 21.
R5h4 Qf6 22. Nh5 Qe7 23. Rg4 e5 24. Rgh4 e4 25. R4h2 Bg4 26. Nf4 Nxf4 27. gxf4
Rbc8 28. b4 b6 29. f3 bxc5 30. b5 Bf5 31. g4 Bh7 32. g5 Qd6 33. Rh4 axb5 34.
gxh6 g6 35. Qb2 d4 36. Bxe4 c4 37. Rg4 f5 38. Qxb5 fxg4 39. Re1 Qxf4+ 40. Kb1
Rb8 41. Bb7 Qf5+ 0-1

[Event "Team junior-boys chess final 2016"]
[Site "Sochi"]
[Date "2016.05.03"]
[Round "3.2"]
[White "Novikov, Roman"]
[Black "Scheritsa, Semen"]
[Result "1/2-1/2"]
[WhiteElo "1711"]
[BlackElo "1671"]
[PlyCount "82"]
[EventDate "2016.05.01"]

1. d4 e6 2. Nf3 f5 3. d5 d6 4. dxe6 Bxe6 5. Nc3 Nf6 6. Bg5 h6 7. Bxf6 Qxf6 8.
Qd4 Be7 9. e4 Nc6 10. Bb5 O-O 11. Qa4 Ne5 12. Nd4 c6 13. Nxe6 Qxe6 14. Be2 fxe4
15. Nxe4 d5 16. Ng3 Bc5 17. O-O Qf6 18. Nh1 Rae8 19. Qb3 Rf7 20. Rae1 Ref8 21.
Qg3 Bd6 22. Qc3 Ng6 23. Qxf6 Rxf6 24. g3 Ne5 25. f4 Bc5+ 26. Kg2 Nc4 27. Bxc4
dxc4 28. Re4 b5 29. Rd1 Rd6 30. Rxd6 Bxd6 31. Re6 Rd8 32. Nf2 Kf7 33. Re2 Re8
34. Ne4 Rd8 35. Kf3 Be7 36. Nd2 Bb4 37. c3 Bc5 38. Ne4 Rd3+ 39. Kg2 Be3 40. Kf3
Bc5+ 41. Kg2 Be3 1/2-1/2

[Event "Team junior-boys chess final 2016"]
[Site "Sochi"]
[Date "2016.05.03"]
[Round "3.3"]
[White "Nesterov, Arseniy"]
[Black "Shemyakin, Valeriy"]
[Result "1-0"]
[WhiteElo "2273"]
[BlackElo "2077"]
[PlyCount "80"]
[EventDate "2016.05.01"]

1. d4 c5 2. d5 e5 3. Nc3 d6 4. e4 g6 5. Be2 Bh6 6. Bxh6 Nxh6 7. Qd2 Ng4 8. h3
Nf6 9. Nf3 Nh5 10. g3 O-O 11. Qh6 f6 12. Nd2 Ng7 13. h4 Bd7 14. f4 f5 15. h5
Qf6 16. hxg6 Qxg6 17. Qxg6 hxg6 18. fxe5 dxe5 19. Nc4 fxe4 20. Nxe4 Bf5 21.
Nxc5 b6 22. Nd3 Nd7 23. O-O-O Be4 24. Rh4 Bxd3 25. Bxd3 Rf6 26. Re1 Re8 27. Rg4
Kf7 28. Rg5 Nf5 29. Bxf5 gxf5 30. Rxf5 Rxf5 31. Nd6+ Kf6 32. Nxe8+ Ke7 33. Nc7
Kd6 34. Nb5+ Kxd5 35. Rd1+ Ke6 36. Nxa7 Rg5 37. Nc8 Nc5 38. Nxb6 Rxg3 39. Nc4
e4 40. b3 Kf5 1-0

[Event "Team junior-boys chess final 2016"]
[Site "Sochi"]
[Date "2016.05.03"]
[Round "3.3"]
[White "Pavlov, Danila"]
[Black "Poliakov, Artem"]
[Result "1-0"]
[WhiteElo "2094"]
[BlackElo "2168"]
[PlyCount "79"]
[EventDate "2016.05.01"]

1. e4 d6 2. d4 Nf6 3. Nc3 c6 4. f4 Qa5 5. e5 Ne4 6. Qf3 d5 7. Bd3 e6 8. Bxe4
dxe4 9. Qxe4 Na6 10. Nf3 Be7 11. O-O Bd7 12. Bd2 h6 13. a3 Rd8 14. Qe2 Qb6 15.
b4 Nc7 16. Ne4 Bc8 17. c4 a6 18. Nd6+ Kf8 19. Be3 c5 20. dxc5 Qc6 21. a4 Ne8
22. b5 Qc7 23. Nd4 g6 24. Rfb1 Ng7 25. Qf2 Nf5 26. b6 Qb8 27. c6 Rxd6 28. c7
Qa8 29. exd6 Nxd6 30. Qc2 Nf5 31. Nxf5 gxf5 32. Rd1 Kg7 33. Bd4+ f6 34. a5 Bd7
35. Bxf6+ Kxf6 36. Qc3+ Kf7 37. Rxd7 Qe8 38. Rad1 Rg8 39. Rd8 Bxd8 40. cxd8=Q
1-0

[Event "Team junior-boys chess final 2016"]
[Site "Sochi"]
[Date "2016.05.03"]
[Round "3.3"]
[White "Brin, Ilya"]
[Black "Babunov, Alexander"]
[Result "1-0"]
[WhiteElo "1817"]
[BlackElo "1780"]
[PlyCount "127"]
[EventDate "2016.05.01"]

1. e4 c5 2. f4 Nc6 3. Nf3 g6 4. Nc3 Bg7 5. Bb5 a6 6. Bxc6 bxc6 7. O-O Nf6 8. d3
O-O 9. Qe1 d5 10. Qh4 c4 11. e5 Ng4 12. dxc4 dxc4 13. h3 Nh6 14. g4 f6 15. Be3
Rb8 16. exf6 exf6 17. Bc5 Rf7 18. Rad1 Rd7 19. Rxd7 Bxd7 20. Bd4 f5 21. Qxd8+
Rxd8 22. Bxg7 Kxg7 23. Rd1 Nf7 24. Ne5 Bc8 25. Rxd8 Nxd8 26. g5 Ne6 27. Ne2 c3
28. b3 c5 29. Kf2 Bb7 30. Ke3 Be4 31. Nd3 Kf7 32. Nxc3 Bxd3 33. cxd3 Ke7 34.
Nd5+ Kd6 35. Nf6 Nf8 36. h4 a5 37. h5 gxh5 38. Nxh5 Ng6 39. Nf6 Nf8 40. Ne8+
Kd5 41. Ng7 Ng6 42. Nxf5 Ke6 43. Ke4 Nh8 44. d4 cxd4 45. Nxd4+ Kd7 46. f5 Nf7
47. g6 hxg6 48. fxg6 Nd6+ 49. Ke5 Ne8 50. Nf5 Kc8 51. g7 Nxg7 52. Nxg7 Kb7 53.
Kd5 Kb6 54. Kc4 a4 55. b4 Ka6 56. b5+ Ka5 57. a3 Kb6 58. Kb4 Ka7 59. Ka5 Kb7
60. b6 Kb8 61. Ka6 Ka8 62. b7+ Kb8 63. Nf5 Kc7 64. Ka7 1-0

[Event "Team junior-boys chess final 2016"]
[Site "Sochi"]
[Date "2016.05.03"]
[Round "3.3"]
[White "Saratovskiy, Dmitiy"]
[Black "Petrovskiy, Andrey"]
[Result "1-0"]
[WhiteElo "1938"]
[BlackElo "1616"]
[PlyCount "71"]
[EventDate "2016.05.01"]

1. d4 d5 2. c4 e6 3. Nc3 f5 4. Nf3 c6 5. e3 Nf6 6. Bd3 Bd6 7. O-O O-O 8. b3 Ne4
9. Bb2 Nd7 10. Ne2 Rf6 11. Ne5 Rh6 12. Bxe4 fxe4 13. Nf4 Qg5 14. Ng4 Rh4 15. h3
Bxf4 16. exf4 Qg6 17. Kh2 h5 18. g3 Rxg4 19. hxg4 hxg4 20. Kg2 Nf6 21. Rh1 Bd7
22. Qe2 Kf7 23. Ba3 a6 24. Qd2 b5 25. cxb5 axb5 26. Bc5 Rb8 27. a4 b4 28. a5 e3
29. Qxe3 Ne4 30. a6 Ra8 31. Bxb4 Bc8 32. Rh8 c5 33. dxc5 Rxa6 34. Rxa6 Bxa6 35.
c6 e5 36. f5 1-0

[Event "Team junior-boys chess final 2016"]
[Site "Sochi"]
[Date "2016.05.03"]
[Round "3.4"]
[White "Skatchkov, Valery"]
[Black "Tsoi, Dmitry"]
[Result "0-1"]
[WhiteElo "2146"]
[BlackElo "2127"]
[PlyCount "70"]
[EventDate "2016.05.01"]

1. d4 Nf6 2. Nf3 d5 3. c4 e6 4. g3 Bb4+ 5. Bd2 Be7 6. Bg2 Nbd7 7. O-O c6 8. Nc3
dxc4 9. e4 O-O 10. a4 c5 11. d5 exd5 12. e5 Ne4 13. Nxd5 Nxd2 14. Qxd2 Nb6 15.
Nxe7+ Qxe7 16. a5 Rd8 17. Qc3 Nd5 18. Qxc4 Be6 19. Qe4 Nb4 20. Rad1 Bd5 21. Qf4
b5 22. Ng5 Bxg2 23. Kxg2 h6 24. Ne4 Nd3 25. Qe3 c4 26. Nd6 a6 27. Qd4 Rd7 28.
f4 Rad8 29. b3 Rxd6 30. exd6 Rxd6 31. Qc3 Qe4+ 32. Kh3 Rd5 33. Qd2 Rh5+ 34. Kg4
Ne5+ 35. Kxh5 Qf5+ 0-1

[Event "Team junior-boys chess final 2016"]
[Site "Sochi"]
[Date "2016.05.03"]
[Round "3.4"]
[White "Tsvetkov, Andrey"]
[Black "Vdovin, Maxim"]
[Result "1/2-1/2"]
[WhiteElo "2036"]
[BlackElo "1946"]
[PlyCount "85"]
[EventDate "2016.05.01"]

1. d4 Nf6 2. c4 e6 3. Nc3 Bb4 4. e3 b6 5. Nge2 Bb7 6. a3 Bxc3+ 7. Nxc3 O-O 8.
Bd3 d5 9. O-O Nbd7 10. cxd5 exd5 11. b4 Ne4 12. Nxe4 dxe4 13. Bc4 Qg5 14. Qc2
Nf6 15. a4 Rac8 16. Ba3 Rfe8 17. Rac1 Nd5 18. Rfe1 Kh8 19. Qb3 c6 20. b5 Re6
21. Bxd5 cxd5 22. Rxc8+ Bxc8 23. Rc1 Re8 24. Bd6 Bh3 25. Bg3 Rc8 26. Rc6 Bd7
27. h4 Qh5 28. Rd6 Be6 29. Qc3 h6 30. Rc6 Rxc6 31. Qxc6 Qd1+ 32. Kh2 Qxa4 33.
Be5 Kh7 34. Qe8 Qb4 35. Qa8 Qxb5 36. Qf8 f6 37. Bxf6 Qd7 38. Be5 Qf7 39. Qd6
Qd7 40. Qf8 a5 41. Qb8 b5 42. Qb6 a4 43. Qc5 1/2-1/2

[Event "Team junior-boys chess final 2016"]
[Site "Sochi"]
[Date "2016.05.03"]
[Round "3.4"]
[White "Suvorov, Aleksandr"]
[Black "Stukan, Martin"]
[Result "1/2-1/2"]
[WhiteElo "1938"]
[BlackElo "1956"]
[PlyCount "141"]
[EventDate "2016.05.01"]

1. e4 e5 2. Nf3 Nc6 3. Bb5 a6 4. Bxc6 dxc6 5. O-O Bg4 6. h3 h5 7. d3 Qf6 8.
Nbd2 Ne7 9. Nc4 Bxf3 10. Qxf3 Qxf3 11. gxf3 Ng6 12. Rd1 O-O-O 13. Kf1 Be7 14.
c3 Rd7 15. Ke2 Rhd8 16. Be3 Bf6 17. Rd2 b6 18. b4 Nf8 19. a4 Ne6 20. Na3 Bg5
21. Nc2 h4 22. d4 Bf4 23. Rg1 f6 24. Rg4 Rh8 25. c4 Ng5 26. Bxf4 exf4 27. Rd1
Kb7 28. Rh1 b5 29. cxb5 cxb5 30. axb5 axb5 31. Rxf4 Ne6 32. Rf5 c6 33. Rd1 Ng5
34. Rh1 Ra8 35. Ke3 Ra2 36. Rc5 Rb2 37. Rc3 Ne6 38. f4 g5 39. f5 Nf4 40. f3
Ng2+ 41. Kd2 Rxd4+ 42. Kc1 Rbxb4 43. Nxb4 Rxb4 44. Rd1 Nf4 45. Kc2 Kc7 46. Ra3
Nxh3 47. Ra7+ Kb6 48. Rf7 Rc4+ 49. Kb3 g4 50. fxg4 Nf2 51. Rd2 Nxe4 52. Rc2 Rd4
53. Rh7 Rd3+ 54. Kb2 h3 55. Rh6 Rg3 56. Re2 Rg2 57. Rc2 Rg3 58. Re2 Ng5 59.
Rxf6 Nf3 60. Re3 Rg2+ 61. Kc3 h2 62. Rh6 Ng5 63. Kd3 b4 64. Re2 Rg3+ 65. Kc2
Nf3 66. Rf2 Ne5 67. Rf4 Nxg4 68. Rxb4+ Kc5 69. Rxg4 Rxg4 70. Rxh2 Kc4 71. Rf2
1/2-1/2

[Event "Team junior-boys chess final 2016"]
[Site "Sochi"]
[Date "2016.05.03"]
[Round "3.4"]
[White "Tarasov, Danila"]
[Black "Bobkov, Vadim"]
[Result "0-1"]
[WhiteElo "1859"]
[BlackElo "1887"]
[PlyCount "116"]
[EventDate "2016.05.01"]

1. e4 c5 2. Nf3 Nc6 3. d4 cxd4 4. Nxd4 g6 5. Nc3 Bg7 6. Be3 Nf6 7. Nxc6 bxc6 8.
e5 Ng8 9. f4 f6 10. Bd4 fxe5 11. fxe5 c5 12. Bxc5 Qc7 13. Bd4 Bxe5 14. Nb5 Qb8
15. Bxe5 Qxe5+ 16. Qe2 Qxe2+ 17. Bxe2 Kd8 18. O-O-O Bb7 19. Rhf1 Nf6 20. g4 a6
21. Nd6 Bg2 22. Rf2 Kc7 23. Rxg2 exd6 24. Bf3 Rae8 25. Rgd2 Re3 26. Bg2 Re6 27.
g5 Ne8 28. Rd4 Re2 29. Bf1 Rxh2 30. Bxa6 Rg2 31. b4 Rxg5 32. a4 h5 33. a5 h4
34. b5 h3 35. Rc4+ Rc5 36. Rxc5+ dxc5 37. b6+ Kb8 38. Rxd7 Nd6 39. Rxd6 h2 40.
Rd1 h1=Q 41. Rxh1 Rxh1+ 42. Kb2 Rh4 43. Bd3 g5 44. Kb3 Kb7 45. Bf5 Rf4 46. Be6
g4 47. c4 g3 48. Ka4 Rf6 49. Bh3 Rh6 50. Bf5 Rh5 51. Be6 g2 52. Kb5 g1=Q 53.
a6+ Ka8 54. Bd5+ Rxd5 55. cxd5 Qf1+ 56. Kc6 Qxa6 57. d6 Qb7+ 58. Kb5 Qd7+ 0-1

[Event "Team junior-boys chess final 2016"]
[Site "Sochi"]
[Date "2016.05.04"]
[Round "4.1"]
[White "Shemyakin, Valeriy"]
[Black "Skatchkov, Valery"]
[Result "1/2-1/2"]
[WhiteElo "2077"]
[BlackElo "2146"]
[PlyCount "84"]
[EventDate "2016.05.01"]

1. d4 d5 2. c4 c6 3. Nf3 Nf6 4. Qb3 e6 5. g3 Bd6 6. Bg2 Nbd7 7. O-O O-O 8. Rd1
b6 9. Nc3 Bb7 10. e4 Nxe4 11. Nxe4 dxe4 12. Ng5 Nf6 13. Nxe4 Nxe4 14. Bxe4 Qe7
15. Be3 Rad8 16. c5 Bc7 17. Qa4 b5 18. Qc2 f5 19. Bd3 Rd5 20. f4 g5 21. Qf2
gxf4 22. gxf4 Kh8 23. a4 Qf6 24. a5 Qh6 25. Be2 Bc8 26. Kh1 Bd7 27. Bf3 Bxf4
28. Bxf4 Qxf4 29. Rd2 Qh6 30. Bxd5 exd5 31. Re2 f4 32. Re5 Bf5 33. h4 Be4+ 34.
Kh2 Rg8 35. Rg1 Rxg1 36. Kxg1 Qf6 37. b4 h6 38. Kf1 Kg7 39. Re8 Qf7 40. Qg1+
Kh7 41. Rb8 Bg6 42. Qg4 Bf5 1/2-1/2

[Event "Team junior-boys chess final 2016"]
[Site "Sochi"]
[Date "2016.05.04"]
[Round "4.1"]
[White "Vdovin, Maxim"]
[Black "Pavlov, Danila"]
[Result "1/2-1/2"]
[WhiteElo "1946"]
[BlackElo "2094"]
[PlyCount "82"]
[EventDate "2016.05.01"]

1. d4 Nf6 2. c4 g6 3. Nf3 Bg7 4. g3 O-O 5. Bg2 d6 6. Nc3 Nbd7 7. O-O e5 8. e4
exd4 9. Nxd4 Re8 10. h3 a6 11. Be3 Ne5 12. b3 c5 13. Nde2 Nc6 14. Qd2 Qe7 15.
Rad1 Rd8 16. Bg5 Be6 17. Nf4 Qf8 18. Nfd5 Bxd5 19. Nxd5 Nxd5 20. Bxd8 Nc3 21.
Bc7 Nxd1 22. Bxd6 Qe8 23. Rxd1 Rd8 24. Qe1 Qd7 25. e5 Nd4 26. Kh2 b6 27. Qe4
Bf8 28. Bxf8 Kxf8 29. f4 Kg7 30. Qd5 a5 31. Qxd7 Rxd7 32. Bd5 f6 33. Kg2 Re7
34. Re1 Nc2 35. Re2 Nd4 36. Re1 h6 37. exf6+ Kxf6 38. Rxe7 Kxe7 39. Be4 Kf6 40.
Bd3 g5 41. f5 h5 1/2-1/2